000 00564nam a22002297a 4500
003 UA-OsUOA
001 49208
007 ta
008 20070925b un ||||| |||| 00| 0 ukr d
100 _aБенедиктов В.
090 _a82-01
_bБ46
942 _cBK
040 _aUA-OsUOA
_brus
_cUA-OsUOA
_dUA-OsUOA
245 _aСтихотворения
300 _a814 с.
955 _a3
041 _arus
080 _a82-01
260 _aСПб
_c1983
650 7 _a82 Література. Літературознавство
_2UDC
999 _c335320
_d335320